From theory to action: Understanding business networks in an agricultural context

Vzťah podnikateľských sietí a internacionalizácie. Štruktúra a vzťahy v odvetví poľnohospodárskeho technologického priemyslu Nového Zélandu. Zisťovanie, ako sú podnikateľské subjekty v rámci odvetvia ovpyvnené pozíciou v danej podnikateľskej sieti a akou mierou dokážu existujúce vzťahy iniciovať akt...

Ausführliche Beschreibung

Gespeichert in:
Bibliographische Detailangaben
1. Verfasser: Saunders, Sarena E.
Weitere Verfasser: Horská, Elena
Format: Buchkapitel
Sprache:Englisch
Schlagworte:
Tags: Tag hinzufügen
Keine Tags, Fügen Sie das erste Tag hinzu!

MARC

LEADER 00000naa$a2200000$$$4500
001 0054814
005 20231012082602.4
041 0 |a eng 
044 |a SK 
245 1 0 |a From theory to action: Understanding business networks in an agricultural context  |c Sarena E. Saunders, Elena Horská 
520 |a Vzťah podnikateľských sietí a internacionalizácie. Štruktúra a vzťahy v odvetví poľnohospodárskeho technologického priemyslu Nového Zélandu. Zisťovanie, ako sú podnikateľské subjekty v rámci odvetvia ovpyvnené pozíciou v danej podnikateľskej sieti a akou mierou dokážu existujúce vzťahy iniciovať aktivity v rámci procesu interancionalizácie. Výsledky prieskumu poukazujú na viaceré manažérske implikácie, ktoré sú rozoberané v článku. 
610 2 0 |a podnikanie 
610 2 0 |a poľnohospodárstvo 
610 2 0 |a internacionalizácia 
610 2 0 |a Nový Zéland 
100 1 |a Saunders, Sarena E. 
700 1 |a Horská, Elena